[Event "Junior Online 4NCL Division 4"]
[Site "online"]
[Date "2021.09.16"]
[EventDate "2021.09.16"]
[Round "3.183"]
[White "Flanders, William"]
[WhiteElo "869"]
[WhiteTeam "Surrey Kings 5"]
[Black "Kaur, Samara"]
[BlackElo "900"]
[BlackTeam "Edgware Gambits H"]
[Result "0-1"]
[PlyCount "58"]

1. e4 e5 2. Nf3 g5 3. d3 h6 4. Nxe5 d6 5. Nc4 d5 6. exd5 Qxd5 7. Ne3 Qe6 8. g3 Qc6 9. Bg2 Qf6 10. O-O Nc6 11. Re1 Be7 12. Bxc6+ bxc6 13. c3 c5 14. Qa4+ Bd7 15. Qe4 Bc6 16. Nd5 Bxd5 17. Qxd5 Rd8 18. Qc6+ Qxc6 19. Nd2 Rxd3 20. Nb3 Qd6 21. Be3 Nf6 22. Bxc5 Qc6 23. Rxe7+ Kd8 24. Rae1 Re8 25. Rxe8+ Nxe8 26. Be7+ Kc8 27. Bb4 Nf6 28. Re2 Rd1+ 29. Re1 Rxe1# 0-1

[Event "Junior Online 4NCL Division 4"]
[Site "online"]
[Date "2021.09.16"]
[EventDate "2021.09.16"]
[Round "3.185"]
[White "Yarranton, Isaac"]
[WhiteElo "1000"]
[WhiteTeam "Edgware Gambits H"]
[Black "Vaz, Bryan"]
[BlackElo "850"]
[BlackTeam "Surrey Kings 5"]
[Result "0-1"]
[PlyCount "54"]

1. d4 Nf6 2. Bf4 d6 3. e3 g6 4. Nc3 Bg7 5. Bc4 O-O 6. Nge2 c6 7. d5 b5 8. Bb3 c5 9. Nxb5 Qa5+ 10. Nec3 a6 11. Na3 Ne4 12. Qd3 Nxc3 13. Nc4 Qb4 14. a3 Bf5 15. Qxf5 Nxd5+ 16. c3 Bxc3+ 17. bxc3 Qxc3+ 18. Nd2 gxf5 19. Rd1 Nxf4 20. exf4 Nc6 21. Bd5 Nd4 22. O-O Rab8 23. Nb1 Qc2 24. Rd2 Ne2+ 25. Kh1 Rxb1 26. Rdd1 Rxd1 27. Rxd1 Qxd1# 0-1

[Event "Junior Online 4NCL Division 4"]
[Site "online"]
[Date "2021.09.16"]
[EventDate "2021.09.16"]
[Round "3.186"]
[White "Edwards, Zachary"]
[WhiteElo "868"]
[WhiteTeam "Surrey Kings 5"]
[Black "Simmons, Keaton"]
[BlackElo "925"]
[BlackTeam "Edgware Gambits H"]
[Result "0-1"]
[PlyCount "146"]

1. e4 e5 2. Nf3 Nc6 3. Bc4 Bc5 4. Nc3 Nf6 5. d3 O-O 6. Be3 d6 7. Bxc5 dxc5 8. Qd2 Bg4 9. Qe2 Bxf3 10. Qxf3 Qd4 11. O-O-O Qd6 12. Qe2 Nd4 13. Qe3 Ng4 14. Qg3 Nf6 15. Rhe1 Rae8 16. Qg5 Re7 17. Re3 Rfe8 18. Rg3 Ne6 19. Bxe6 fxe6 20. Qxg7+ Rxg7 21. Rxg7+ Kxg7 22. Nb5 Qb6 23. a4 Qa5 24. b3 Qb4 25. Nxc7 Rc8 26. Nxe6+ Kg6 27. h3 Kf7 28. Ng5+ Kg7 29. Ne6+ Kf7 30. Ng5+ Kg8 31. h4 Rd8 32. f3 Rd4 33. g4 Qc3 34. Ne6 Nd5 35. Nxd4 cxd4 36. g5 Nb4 37. h5 Na2+ 38. Kb1 Nb4 39. g6 hxg6 40. hxg6 Kg7 41. Rg1 Nxc2 42. Rc1 Qa1+ 43. Kxc2 Qa2+ 44. Kd1 Qxb3+ 45. Ke2 Qxa4 46. Rc7+ Kxg6 47. Rxb7 a5 48. Kf2 Qc2+ 49. Kg3 a4 50. Ra7 Qb3 51. Kg4 a3 52. f4 a2 53. fxe5 Qb2 54. e6 a1=Q 55. Rxa1 Qxa1 56. e7 Qa8 57. Kf4 Qe8 58. e5 Qxe7 59. Ke4 Qe6 60. Kxd4 Qf5 61. Kd5 Qxd3+ 62. Ke6 Qe4 63. Kd6 Kf5 64. e6 Qxe6+ 65. Kc5 Qe4 66. Kd6 Kf6 67. Kc5 Ke6 68. Kb5 Qd4 69. Kc6 Qe5 70. Kb6 Kd7 71. Ka6 Kc6 72. Ka7 Qc7+ 73. Ka8 Qb7# 0-1

[Event "Junior Online 4NCL Division 4"]
[Site "online"]
[Date "2021.09.16"]
[EventDate "2021.09.16"]
[Round "3.187"]
[White "Kaur, Samara"]
[WhiteElo "900"]
[WhiteTeam "Edgware Gambits H"]
[Black "Flanders, William"]
[BlackElo "869"]
[BlackTeam "Surrey Kings 5"]
[Result "1-0"]
[PlyCount "27"]

1. e4 e5 2. Bc4 Nf6 3. g4 Nxe4 4. Qf3 Nd6 5. Bb3 c6 6. c4 b6 7. Nc3 Bb7 8. Ne4 Nxe4 9. Qxe4 Qc7 10. f3 Be7 11. c5 Bh4+ 12. Kf1 O-O 13. Bc2 Na6 14. Qxh7# 1-0

[Event "Junior Online 4NCL Division 4"]
[Site "online"]
[Date "2021.09.16"]
[EventDate "2021.09.16"]
[Round "3.191"]
[White "Sasikumar, Srivathsan"]
[WhiteElo "1249"]
[WhiteTeam "Leeds Juniors 3"]
[Black "Bajaj, Onik"]
[BlackElo "775"]
[BlackTeam "Watford Juniors D"]
[Result "1-0"]
[PlyCount "103"]

1. d4 d5 2. Bf4 Bf5 3. e3 Nc6 4. c3 e6 5. Bd3 Bxd3 6. Qxd3 Nf6 7. Nd2 Bd6 8. Bg3 Qd7 9. Ngf3 Bxg3 10. hxg3 O-O-O 11. O-O-O Rde8 12. e4 e5 13. dxe5 Nxe5 14. Nxe5 Rxe5 15. Nf3 dxe4 16. Qxd7+ Nxd7 17. Rxd7 Ra5 18. Rxf7 exf3 19. gxf3 Rxa2 20. Kc2 g6 21. Rhxh7 Rxh7 22. Rxh7 Ra5 23. g4 Rg5 24. Rg7 Kd8 25. Kd2 Ke8 26. Rxc7 Rd5+ 27. Kc2 Kd8 28. Rxb7 g5 29. Rxa7 Re5 30. Kd3 Rb5 31. b4 Rd5+ 32. Ke4 Rb5 33. Ra5 Rb6 34. Rxg5 Re6+ 35. Re5 Rf6 36. f4 Rg6 37. f3 Rc6 38. Rd5+ Ke7 39. Rc5 Re6+ 40. Re5 Kf6 41. g5+ Ke7 42. Rxe6+ Kxe6 43. f5+ Kf7 44. b5 Kg7 45. f6+ Kf7 46. b6 Ke6 47. b7 Kd6 48. b8=Q+ Ke6 49. Qe5+ Kf7 50. Qe7+ Kg6 51. Qg7+ Kh5 52. Qh6# 1-0

[Event "Junior Online 4NCL Division 4"]
[Site "online"]
[Date "2021.09.16"]
[EventDate "2021.09.16"]
[Round "3.192"]
[White "Balakrishnan, Akshata"]
[WhiteElo "748"]
[WhiteTeam "Watford Juniors D"]
[Black "Ragu, Sachin"]
[BlackElo "1281"]
[BlackTeam "Leeds Juniors 3"]
[Result "0-1"]
[PlyCount "86"]

1. e4 e5 2. Nf3 Nc6 3. Bc4 Bc5 4. O-O Nf6 5. Nc3 O-O 6. d3 d6 7. Bg5 h6 8. Bxf6 Qxf6 9. Nd5 Qd8 10. Qe2 Bg4 11. h3 Bh5 12. c3 a6 13. d4 exd4 14. cxd4 Nxd4 15. Nxd4 Bxe2 16. Nxe2 b5 17. Bb3 c6 18. Ndc3 Qe7 19. Nf4 Rfe8 20. Ng6 Qf6 21. Bc2 Qxg6 22. Rac1 Qe6 23. a3 d5 24. exd5 cxd5 25. b4 Bd4 26. Rce1 Qc6 27. Rc1 Bxc3 28. Kh1 Re1 29. Rcxe1 Bxe1 30. Rxe1 Qxc2 31. Re5 Qxf2 32. Rxd5 Re8 33. Rd1 Re1+ 34. Rxe1 Qxe1+ 35. Kh2 Qa1 36. g4 Qxa3 37. h4 Qxb4 38. Kh1 a5 39. Kh2 a4 40. Kh1 a3 41. Kh2 a2 42. Kh1 Qb2 43. Kg1 a1=Q# 0-1

[Event "Junior Online 4NCL Division 4"]
[Site "online"]
[Date "2021.09.16"]
[EventDate "2021.09.16"]
[Round "3.195"]
[White "Bajaj, Onik"]
[WhiteElo "775"]
[WhiteTeam "Watford Juniors D"]
[Black "Sasikumar, Srivathsan"]
[BlackElo "1249"]
[BlackTeam "Leeds Juniors 3"]
[Result "0-1"]
[PlyCount "54"]

1. e4 c6 2. d4 d5 3. Nc3 g6 4. Bf4 Bg7 5. Bd3 e6 6. Nf3 Ne7 7. Qd2 a5 8. a4 Nd7 9. e5 c5 10. dxc5 Nxc5 11. Bb5+ Bd7 12. Bxd7+ Qxd7 13. b3 b6 14. Ng5 O-O 15. Nf3 Rfc8 16. Bg5 Nf5 17. g4 Ne7 18. Bxe7 Qxe7 19. Rc1 h6 20. Rg1 g5 21. Nd4 Bxe5 22. Rb1 Qf6 23. Ncb5 Ne4 24. Qd3 Qxf2+ 25. Kd1 Qxg1+ 26. Ke2 Qxh2+ 27. Ke3 Qf2# 0-1

[Event "Junior Online 4NCL Division 4"]
[Site "online"]
[Date "2021.09.16"]
[EventDate "2021.09.16"]
[Round "3.196"]
[White "Ragu, Sachin"]
[WhiteElo "1281"]
[WhiteTeam "Leeds Juniors 3"]
[Black "Balakrishnan, Akshata"]
[BlackElo "748"]
[BlackTeam "Watford Juniors D"]
[Result "1-0"]
[PlyCount "87"]

1. e4 e5 2. Nf3 Nc6 3. Bc4 Nf6 4. Ng5 d5 5. exd5 Na5 6. Bb5+ c6 7. dxc6 bxc6 8. Be2 Bc5 9. d3 O-O 10. Bd2 Nb7 11. Nc3 Bf5 12. O-O h6 13. Nge4 Nxe4 14. Nxe4 Qe7 15. Bg4 Bxg4 16. Qxg4 f5 17. Qg6 fxe4 18. Bxh6 Rf7 19. Bg5 Qd7 20. Qxe4 Raf8 21. Qxe5 Bxf2+ 22. Kh1 Bd4 23. Qe2 Qe6 24. Qe1 Qxe1 25. Rfxe1 Bxb2 26. Rab1 Bc3 27. Red1 Nc5 28. Be7 Rxe7 29. d4 Na4 30. h3 Ba5 31. Rd3 Nc3 32. Ra1 Re2 33. Rg3 Rxc2 34. Re1 Nxa2 35. Ra1 Bc3 36. Rb1 Bxd4 37. Rb7 a5 38. Rg4 a4 39. Rxd4 a3 40. Ra4 Rc3 41. Raa7 Rf2 42. Rxg7+ Kf8 43. Rgc7 Nb4 44. Ra8# 1-0

[Event "Junior Online 4NCL Division 4"]
[Site "online"]
[Date "2021.09.16"]
[EventDate "2021.09.16"]
[Round "3.197"]
[White "Naren, Riya"]
[WhiteElo "592"]
[WhiteTeam "Watford Juniors D"]
[Black "Beatham, Christopher"]
[BlackElo "1249"]
[BlackTeam "Leeds Juniors 3"]
[Result "0-1"]
[PlyCount "84"]

1. e4 c6 2. Nf3 d5 3. exd5 cxd5 4. Nc3 Bf5 5. Bd3 Bxd3 6. cxd3 e6 7. d4 Bb4 8. a3 Bxc3 9. dxc3 Nf6 10. Bf4 Nbd7 11. O-O O-O 12. Ne5 Nxe5 13. Bxe5 h6 14. Bxf6 Qxf6 15. h3 e5 16. dxe5 Qxe5 17. Qe1 Rfe8 18. Qxe5 Rxe5 19. Rae1 Rae8 20. Rxe5 Rxe5 21. b3 Kh7 22. f4 Re3 23. Kf2 Rxc3 24. Rb1 Kg6 25. Rd1 Rxb3 26. Rxd5 Rxa3 27. Rg5+ hxg5 28. Ke2 gxf4 29. Kd2 a5 30. Kc2 b5 31. Kb2 b4 32. Kb1 a4 33. Kb2 Kf5 34. Kc2 b3+ 35. Kb2 Ra2+ 36. Kc3 b2 37. Kc2 a3 38. Kb1 Ra1+ 39. Kc2 b1=Q+ 40. Kc3 Qb2+ 41. Kc4 Rc1+ 42. Kd5 Qd2# 0-1

[Event "Junior Online 4NCL Division 4"]
[Site "online"]
[Date "2021.09.16"]
[EventDate "2021.09.16"]
[Round "3.201"]
[White "Ashcroft, Arthur"]
[WhiteElo "900"]
[WhiteTeam "JHJ Shark Tank 9"]
[Black "Twomey, Liam"]
[BlackElo "1812"]
[BlackTeam "Cork Juniors"]
[Result "0-1"]
[PlyCount "50"]

1. e4 d5 2. exd5 Nf6 3. Nc3 Nxd5 4. Nxd5 Qxd5 5. Nf3 Bg4 6. Be2 Nc6 7. d3 e5 8. Be3 O-O-O 9. O-O e4 10. Ng5 Bxe2 11. Qxe2 exd3 12. cxd3 h6 13. Ne4 Qxd3 14. Qf3 Qd5 15. Rad1 Qe6 16. Rxd8+ Kxd8 17. Rd1+ Bd6 18. Bc5 Re8 19. Re1 Bxc5 20. Qd3+ Kc8 21. h3 Rd8 22. Qb5 Rd5 23. Nxc5 Qxe1+ 24. Kh2 Qe5+ 25. g3 Rxc5 0-1

[Event "Junior Online 4NCL Division 4"]
[Site "online"]
[Date "2021.09.16"]
[EventDate "2021.09.16"]
[Round "3.202"]
[White "Barot, Jwalant"]
[WhiteElo "1186"]
[WhiteTeam "Cork Juniors"]
[Black "Hans-Jee, Sebastian"]
[BlackElo "812"]
[BlackTeam "JHJ Shark Tank 9"]
[Result "1-0"]
[PlyCount "161"]

1. e4 e5 2. Nf3 Nc6 3. Bc4 Nf6 4. Ng5 d5 5. exd5 Nb4 6. Nc3 c6 7. dxc6 Nbd5 8. Bxd5 bxc6 9. Bxc6+ Bd7 10. Bxd7+ Qxd7 11. O-O Bd6 12. d3 O-O 13. Re1 Qf5 14. Nf3 Qh5 15. Nxe5 Bxe5 16. Qxh5 Nxh5 17. Rxe5 Nf6 18. Bg5 Rae8 19. Bxf6 gxf6 20. Rxe8 Rxe8 21. Kf1 Rb8 22. Na4 Rc8 23. c4 Rd8 24. Ke2 Rd4 25. Re1 Rd6 26. Kd2 Ra6 27. b3 Rd6 28. Nc3 Rd4 29. Re4 Rd6 30. Re8+ Kg7 31. Re7 Rd4 32. Rxa7 Rg4 33. g3 Rg5 34. Re7 Rf5 35. Re2 Rh5 36. h4 Rf5 37. Ne4 Re5 38. Nd6 Rh5 39. Ne8+ Kf8 40. Nxf6 Rh6 41. Nd7+ Kg7 42. Re5 Rf6 43. Nxf6 Kxf6 44. Re4 Kf5 45. a4 Kf6 46. a5 Kf5 47. a6 Kf6 48. a7 Kf5 49. b4 Kf6 50. b5 Kf5 51. b6 Kf6 52. b7 Kf5 53. b8=Q Kf6 54. a8=Q Kf5 55. c5 Kf6 56. c6 Kf5 57. c7 Kf6 58. c8=Q Kg6 59. f3 Kg7 60. d4 Kg6 61. d5 Kg7 62. d6 Kg6 63. d7 Kg7 64. d8=Q Kg6 65. Rg4+ Kh6 66. f4 Kh5 67. f5 Kxg4 68. f6+ Kh5 69. Qf8 Kg6 70. Qg7+ Kh5 71. Qxf7+ Kh6 72. Qfc7 Kh5 73. f7 Kg6 74. f8=Q Kh5 75. g4+ Kxh4 76. Q7d8+ Kh3 77. g5+ Kh4 78. g6+ Kh5 79. gxh7 Kg6 80. h8=N+ Kh7 81. Qh4# 1-0

[Event "Junior Online 4NCL Division 4"]
[Site "online"]
[Date "2021.09.16"]
[EventDate "2021.09.16"]
[Round "3.205"]
[White "Twomey, Liam"]
[WhiteElo "1812"]
[WhiteTeam "Cork Juniors"]
[Black "Ashcroft, Arthur"]
[BlackElo "900"]
[BlackTeam "JHJ Shark Tank 9"]
[Result "1-0"]
[PlyCount "87"]

1. e4 e5 2. Nc3 Nf6 3. f4 exf4 4. e5 Ne4 5. Nxe4 d5 6. exd6 Bxd6 7. Nf3 O-O 8. Nxd6 Qxd6 9. d4 Qe7+ 10. Qe2 Qxe2+ 11. Bxe2 Re8 12. Kf2 Bg4 13. h3 Bxf3 14. Bxf3 Nc6 15. Bxc6 bxc6 16. Bxf4 Re4 17. Be3 Rae8 18. Rhe1 Rb8 19. Bd2 Rxe1 20. Rxe1 h6 21. b3 Rb5 22. g4 c5 23. Re5 f6 24. Rxc5 Rxc5 25. dxc5 Kf7 26. Ke3 Ke6 27. Kd4 f5 28. gxf5+ Kxf5 29. Kd5 Kf6 30. Kc6 Kf5 31. Kxc7 Ke4 32. c6 Kf3 33. Kd6 g5 34. c7 g4 35. hxg4 h5 36. gxh5 Kg4 37. h6 Kh5 38. h7 Kg6 39. h8=Q Kf5 40. Qh7+ Kf6 41. Qh4+ Kf5 42. c8=Q+ Kg6 43. Qhg4+ Kf6 44. Qf8# 1-0

[Event "Junior Online 4NCL Division 4"]
[Site "online"]
[Date "2021.09.16"]
[EventDate "2021.09.16"]
[Round "3.206"]
[White "Hans-Jee, Sebastian"]
[WhiteElo "812"]
[WhiteTeam "JHJ Shark Tank 9"]
[Black "Barot, Jwalant"]
[BlackElo "1186"]
[BlackTeam "Cork Juniors"]
[Result "0-1"]
[PlyCount "56"]

1. d4 d5 2. Nf3 Nc6 3. Nc3 Nf6 4. Bf4 e6 5. Nb5 Bd6 6. Bxd6 cxd6 7. Qd3 Qa5+ 8. Nc3 b6 9. O-O-O Ba6 10. Kb1 Bxd3 11. cxd3 Rc8 12. Rc1 Nb4 13. e4 Nxa2 14. Nxa2 Rxc1+ 15. Kxc1 Qxa2 16. Kc2 O-O 17. Be2 Rc8+ 18. Kd2 Qxb2+ 19. Ke3 dxe4 20. dxe4 Rc3+ 21. Kf4 e5+ 22. Kg3 Nxe4+ 23. Kh4 g5+ 24. Kh5 Qxe2 25. Kg4 h5+ 26. Kxh5 Rxf3 27. gxf3 Qxf3+ 28. Kh6 Qh3# 0-1

[Event "Junior Online 4NCL Division 4"]
[Site "online"]
[Date "2021.09.16"]
[EventDate "2021.09.16"]
[Round "3.211"]
[White "Girish, Nathan"]
[WhiteElo "1000"]
[WhiteTeam "Uxbridge D"]
[Black "Suresh, Karun"]
[BlackElo "1252"]
[BlackTeam "Wanstead Warriors 3"]
[Result "0-1"]
[PlyCount "78"]

1. e4 e5 2. Nf3 Nc6 3. Bc4 Nf6 4. O-O Nxe4 5. Re1 d5 6. d3 Nf6 7. Bb5 Bd7 8. d4 Be7 9. dxe5 Ne4 10. Nd4 Bc5 11. Be3 Qh4 12. Bxc6 Bxc6 13. Nxc6 Bxe3 14. fxe3 Qf2+ 15. Kh1 Qf5 16. Qf3 Qxf3 17. gxf3 Nf2+ 18. Kg1 Nh3+ 19. Kg2 Ng5 20. Nd4 O-O-O 21. Nc3 h5 22. f4 Ne4 23. Nxe4 dxe4 24. Nf5 g6 25. Ng3 h4 26. Nxe4 f5 27. Ng5 Rd2+ 28. Kh1 Rxc2 29. Rab1 Rd8 30. Red1 Rxd1+ 31. Rxd1 b5 32. Rb1 a5 33. e6 Re2 34. b4 a4 35. a3 Rxe3 36. Rc1 Rxa3 37. Rc6 h3 38. e7 Ra1+ 39. Rc1 Rxc1# 0-1

[Event "Junior Online 4NCL Division 4"]
[Site "online"]
[Date "2021.09.16"]
[EventDate "2021.09.16"]
[Round "3.212"]
[White "Dasari, Karthik"]
[WhiteElo "1115"]
[WhiteTeam "Wanstead Warriors 3"]
[Black "Pandian, Naren"]
[BlackElo "960"]
[BlackTeam "Uxbridge D"]
[Result "0-1"]
[PlyCount "72"]

1. e4 e5 2. Nf3 Nc6 3. Nc3 Nf6 4. d3 Bc5 5. Qe2 d6 6. Be3 Bxe3 7. Qxe3 O-O 8. O-O-O Bg4 9. h3 Bxf3 10. Qxf3 Nd4 11. Qe3 Nh5 12. Be2 Nf4 13. g3 Ng2 14. Qd2 Qf6 15. Bg4 g6 16. Rh2 h5 17. Be2 Nxe2+ 18. Qxe2 Rfe8 19. Rxg2 Kg7 20. Nd5 Qd8 21. Qd2 Rh8 22. Qc3 c6 23. Nf4 f6 24. Ne2 Qe7 25. f4 exf4 26. gxf4 d5 27. Re1 dxe4 28. Ng3 e3 29. d4 b6 30. Rxe3 Qd7 31. Rge2 Rae8 32. Rxe8 Rxe8 33. Rxe8 Qxe8 34. Nf1 c5 35. dxc5 bxc5 36. Qxc5 Qe1# 0-1

[Event "Junior Online 4NCL Division 4"]
[Site "online"]
[Date "2021.09.16"]
[EventDate "2021.09.16"]
[Round "3.213"]
[White "Sundararaju, Ritvik"]
[WhiteElo "934"]
[WhiteTeam "Uxbridge D"]
[Black "Gurusamy, Gurukarthik"]
[BlackElo "995"]
[BlackTeam "Wanstead Warriors 3"]
[Result "0-1"]
[PlyCount "56"]

1. e4 e5 2. Nf3 Nc6 3. d3 f5 4. exf5 Nf6 5. Bg5 d5 6. Bxf6 Qxf6 7. c3 Bxf5 8. d4 e4 9. Ne5 Nxe5 10. dxe5 Qxe5 11. Na3 Bxa3 12. bxa3 Qxc3+ 13. Ke2 Bg4+ 14. f3 exf3+ 15. gxf3 Bxf3+ 16. Kf2 Bxd1 17. Rxd1 O-O+ 18. Ke2 Qf3+ 19. Kd2 Qxh1 20. Bh3 Qxh2+ 21. Bg2 Qxg2+ 22. Ke3 Qf3+ 23. Kd2 Qf2+ 24. Kc1 Rf3 25. Rxd5 Qxa2 26. a4 Rf1+ 27. Rd1 Raf8 28. Rxf1 Rxf1# 0-1

[Event "Junior Online 4NCL Division 4"]
[Site "online"]
[Date "2021.09.16"]
[EventDate "2021.09.16"]
[Round "3.214"]
[White "Shivhare, Shaurya"]
[WhiteElo "1075"]
[WhiteTeam "Wanstead Warriors 3"]
[Black "Vijayakumar, Mrinali"]
[BlackElo "692"]
[BlackTeam "Uxbridge D"]
[Result "1-0"]
[PlyCount "77"]

1. e4 e5 2. Nf3 Nc6 3. Nc3 Nf6 4. Bc4 d6 5. Ng5 Nd4 6. Nxf7 Qe7 7. Nxh8 Bg4 8. f3 Bh5 9. g4 Nxf3+ 10. Qxf3 Bxg4 11. Qd3 c6 12. Bf7+ Kd7 13. Bc4 d5 14. exd5 cxd5 15. Bxd5 e4 16. Qd4 Bf3 17. Bxe4+ Kc7 18. Rf1 Bxe4 19. Nxe4 Nxe4 20. Qc4+ Kd6 21. Nf7+ Kd7 22. Qd5+ Nd6+ 23. Kd1 Qxf7 24. Qxf7+ Nxf7 25. Rxf7+ Be7 26. d3 Rc8 27. Rxg7 Rc5 28. Be3 Re5 29. Bxa7 Kd6 30. Bb8+ Ke6 31. Bxe5 Kxe5 32. Rxe7+ Kd6 33. Rxh7 b6 34. Rh5 b5 35. Kd2 b4 36. Rg1 Kc6 37. Rg6+ Kc7 38. Rh7+ Kc8 39. Rg8# 1-0

[Event "Junior Online 4NCL Division 4"]
[Site "online"]
[Date "2021.09.16"]
[EventDate "2021.09.16"]
[Round "3.215"]
[White "Suresh, Karun"]
[WhiteElo "1252"]
[WhiteTeam "Wanstead Warriors 3"]
[Black "Girish, Nathan"]
[BlackElo "1000"]
[BlackTeam "Uxbridge D"]
[Result "1-0"]
[PlyCount "117"]

1. e4 c5 2. d4 cxd4 3. Qxd4 Nc6 4. Qd1 Nf6 5. Nc3 g6 6. Nf3 Bg7 7. Bc4 O-O 8. Ng5 Ne5 9. b3 Nxc4 10. bxc4 b6 11. Qf3 Bb7 12. Nd5 Rc8 13. Nxf6+ Bxf6 14. Qh3 h5 15. Rb1 Bxg5 16. Bxg5 f5 17. exf5 Rxf5 18. Be3 Qf8 19. O-O Rxc4 20. Qg3 Rg4 21. Qc7 Bxg2 22. Rfd1 Bf3+ 23. Kf1 Bxd1 24. Rxd1 d6 25. Qxa7 b5 26. h3 Rh4 27. Kg2 g5 28. Qa3 g4 29. Qb3+ Kg7 30. Bd4+ e5 31. Bxe5+ Kg6 32. Rxd6+ Kh7 33. Rd7+ Kg6 34. Qe6+ Rf6 35. Bxf6 Qxf6 36. Qg8+ Kf5 37. Rf7 gxh3+ 38. Kf1 h2 39. Rxf6+ Kxf6 40. Qf8+ Ke6 41. Qc8+ Ke7 42. Qc7+ Ke8 43. Qe5+ Kf7 44. Qf5+ Kg8 45. Qg5+ Kh7 46. Qxh4 h1=Q+ 47. Qxh1 Kh6 48. Qc6+ Kg5 49. Qxb5+ Kg4 50. a4 h4 51. Kg1 h3 52. a5 Kf3 53. Kh1 Kxf2 54. a6 Kg3 55. a7 h2 56. a8=Q Kf2 57. Qf5+ Kg3 58. Qaf3+ Kh4 59. Q3g4# 1-0

[Event "Junior Online 4NCL Division 4"]
[Site "online"]
[Date "2021.09.16"]
[EventDate "2021.09.16"]
[Round "3.216"]
[White "Pandian, Naren"]
[WhiteElo "960"]
[WhiteTeam "Uxbridge D"]
[Black "Dasari, Karthik"]
[BlackElo "1115"]
[BlackTeam "Wanstead Warriors 3"]
[Result "1-0"]
[PlyCount "71"]

1. e4 e5 2. Nc3 Nc6 3. Nf3 Nf6 4. Bc4 Bc5 5. O-O O-O 6. d3 d6 7. Be3 Bxe3 8. fxe3 Qe7 9. d4 exd4 10. exd4 Nxe4 11. Nxe4 Qxe4 12. Qd3 Qe7 13. Rae1 Qf6 14. d5 Bf5 15. Qd2 Ne7 16. c3 Rae8 17. Nd4 c5 18. Rxf5 Nxf5 19. Rxe8 Rxe8 20. Nxf5 Qxf5 21. h3 a6 22. b4 b5 23. Bd3 Qxd5 24. bxc5 dxc5 25. c4 bxc4 26. Bxh7+ Kxh7 27. Qxd5 Re1+ 28. Kh2 Ra1 29. Qxc4 f5 30. Qxa6 f4 31. Qd6 c4 32. Qxf4 c3 33. Qc4 Rc1 34. Qe4+ g6 35. Qe7+ Kh6 36. Qe3+ 1-0

[Event "Junior Online 4NCL Division 4"]
[Site "online"]
[Date "2021.09.16"]
[EventDate "2021.09.16"]
[Round "3.217"]
[White "Gurusamy, Gurukarthik"]
[WhiteElo "995"]
[WhiteTeam "Wanstead Warriors 3"]
[Black "Sundararaju, Ritvik"]
[BlackElo "934"]
[BlackTeam "Uxbridge D"]
[Result "1-0"]
[PlyCount "89"]

1. d4 e6 2. g3 d5 3. Bg2 Nc6 4. Nf3 Nf6 5. O-O Bd6 6. Nc3 O-O 7. Re1 e5 8. dxe5 Nxe5 9. Nxe5 Bxe5 10. Nxd5 Be6 11. Nf4 Qxd1 12. Rxd1 h6 13. Nxe6 fxe6 14. Bxb7 Rab8 15. Bf3 Nh7 16. c3 Ng5 17. Bxg5 hxg5 18. Rab1 c5 19. Bg4 Rfe8 20. Rd3 c4 21. Re3 Rb5 22. Bh5 Re7 23. Rd1 Kh7 24. Rd2 g6 25. Bg4 a5 26. a4 Rc5 27. Bf3 Bf6 28. Bg4 Rc6 29. Rf3 Be5 30. Rd8 Bd6 31. Bxe6 Rcc7 32. Bg4 Bc5 33. Rff8 Kg7 34. Rg8+ Kf7 35. Rh8 Re4 36. Rh7+ Kf6 37. Rxc7 Rxg4 38. Rxc5 Re4 39. e3 Ke6 40. Rxg5 Kf6 41. Rxa5 g5 42. Rd6+ Ke7 43. Rh6 g4 44. Ra7+ Ke8 45. Rh8# 1-0

[Event "Junior Online 4NCL Division 4"]
[Site "online"]
[Date "2021.09.16"]
[EventDate "2021.09.16"]
[Round "3.221"]
[White "Botnari, Diana"]
[WhiteElo "938"]
[WhiteTeam "Chess Challengers G"]
[Black "Boikovs, Alexander"]
[BlackElo "1500"]
[BlackTeam "Golden Falcons Junior 1"]
[Result "0-1"]
[PlyCount "70"]

1. e4 c5 2. d3 e6 3. Nf3 Nc6 4. Nc3 d6 5. Be2 Nf6 6. O-O Be7 7. h3 d5 8. Bd2 d4 9. Nb5 a6 10. Na3 b5 11. c3 dxc3 12. bxc3 b4 13. cxb4 cxb4 14. Nc2 O-O 15. Rb1 a5 16. Bc1 Ba6 17. a3 bxa3 18. Bxa3 Bxa3 19. Nxa3 Nb4 20. Qc2 Nxc2 21. Nxc2 Bxd3 22. Rbd1 Bxe2 23. Rxd8 Raxd8 24. Re1 Bxf3 25. gxf3 Rd2 26. Nd4 Rxd4 27. Ra1 Ra8 28. Kg2 a4 29. Kg3 a3 30. Kf4 Rb4 31. Ra2 Rb2 32. Ra1 a2 33. Ke3 Rb1 34. Rxa2 Rxa2 35. Kf4 Rxf2 0-1

[Event "Junior Online 4NCL Division 4"]
[Site "online"]
[Date "2021.09.16"]
[EventDate "2021.09.16"]
[Round "3.222"]
[White "Masterskikh, Luka"]
[WhiteElo "794"]
[WhiteTeam "Golden Falcons Junior 1"]
[Black "Singh, Shaurya"]
[BlackElo "940"]
[BlackTeam "Chess Challengers G"]
[Result "0-1"]
[PlyCount "96"]

1. d4 d5 2. c3 Nf6 3. Nf3 Bg4 4. h3 Bxf3 5. gxf3 Nc6 6. Bf4 Na5 7. b4 Nc4 8. e3 Nb2 9. Qc2 Nc4 10. Qb3 b5 11. Bxc4 dxc4 12. Qc2 Nd5 13. Bg5 f6 14. Bh4 Qd6 15. Bg3 Qc6 16. Kf1 Nb6 17. Nd2 g6 18. Ne4 Nd5 19. Nc5 Bh6 20. e4 Nb6 21. Qe2 O-O 22. Na6 Na4 23. Nc5 Nxc3 24. Qc2 Na4 25. d5 Qb6 26. Nd7 Qd4 27. Rd1 Qc3 28. Qe2 Rfd8 29. Nc5 Nxc5 30. bxc5 Rdc8 31. d6 exd6 32. cxd6 cxd6 33. Rxd6 Rd8 34. Rxd8+ Rxd8 35. Kg2 Rd2 36. Qf1 Rxa2 37. Qb1 Rb2 38. Qf1 Be3 39. Qa1 Qc2 40. Qxa7 Bxa7 41. Rf1 Rb1 42. Rxb1 Qxb1 43. h4 c3 44. Kh3 c2 45. Bf4 Bb8 46. Bxb8 c1=Q 47. Kg4 Qg1+ 48. Kf4 Qbc1# 0-1

[Event "Junior Online 4NCL Division 4"]
[Site "online"]
[Date "2021.09.16"]
[EventDate "2021.09.16"]
[Round "3.223"]
[White "Mishra, Mihir"]
[WhiteElo "940"]
[WhiteTeam "Chess Challengers G"]
[Black "Masterskikh, Elena"]
[BlackElo "770"]
[BlackTeam "Golden Falcons Junior 1"]
[Result "0-1"]
[PlyCount "90"]

1. e4 e5 2. Nf3 Nc6 3. Bb5 a6 4. Bxc6 bxc6 5. Nxe5 d6 6. Nf3 Nf6 7. d3 c5 8. Nc3 c6 9. Qe2 Bg4 10. O-O g6 11. e5 dxe5 12. Nxe5 Bxe2 13. Nxe2 Bd6 14. Nxc6 Qc7 15. Ne5 Bxe5 16. Bg5 Ng4 17. c3 Bxh2+ 18. Kh1 Qe5 19. f3 Nf2+ 20. Rxf2 h6 21. Bf4 Qh5 22. Bxh2 O-O-O 23. d4 c4 24. b3 Qh4 25. Ng3 Rhe8 26. bxc4 Re7 27. Kg1 Rde8 28. Nf1 Re2 29. Rxe2 Rxe2 30. Bg3 Qg5 31. a4 f5 32. Re1 Rxe1 33. Bxe1 Qc1 34. Bd2 Qd1 35. Bxh6 Qxa4 36. c5 Qc4 37. Bd2 a5 38. g4 fxg4 39. fxg4 a4 40. Ne3 Qe2 41. Nf1 a3 42. Bc1 a2 43. d5 a1=Q 44. c6 Qxc1 45. d6 Qcxf1# 0-1

[Event "Junior Online 4NCL Division 4"]
[Site "online"]
[Date "2021.09.16"]
[EventDate "2021.09.16"]
[Round "3.226"]
[White "Singh, Shaurya"]
[WhiteElo "940"]
[WhiteTeam "Chess Challengers G"]
[Black "Masterskikh, Luka"]
[BlackElo "794"]
[BlackTeam "Golden Falcons Junior 1"]
[Result "1-0"]
[PlyCount "49"]

1. e4 d5 2. Nc3 e6 3. Bb5+ c6 4. Bd3 b6 5. Nf3 dxe4 6. Nxe4 c5 7. Bb5+ Qd7 8. Bxd7+ Bxd7 9. O-O Be7 10. d3 Bc6 11. Ng3 Bxf3 12. Qxf3 Nf6 13. Qxa8 O-O 14. Qxa7 Nc6 15. Qxb6 Ne5 16. Qc7 Nd5 17. Qxe5 Nc7 18. Qxc7 Ra8 19. Qxe7 Rf8 20. Qxc5 Ra8 21. Bd2 Ra4 22. Bb4 Ra8 23. Qc6 Rf8 24. Qd6 e5 25. Qxf8# 1-0

[Event "Junior Online 4NCL Division 4"]
[Site "online"]
[Date "2021.09.16"]
[EventDate "2021.09.16"]
[Round "3.227"]
[White "Masterskikh, Elena"]
[WhiteElo "770"]
[WhiteTeam "Golden Falcons Junior 1"]
[Black "Mishra, Mihir"]
[BlackElo "940"]
[BlackTeam "Chess Challengers G"]
[Result "1-0"]
[PlyCount "53"]

1. d4 d5 2. Nc3 c6 3. e4 Nf6 4. e5 Ne4 5. Nxe4 dxe4 6. f3 f5 7. fxe4 fxe4 8. Bc4 b6 9. Qh5+ g6 10. Qg5 Bf5 11. Nh3 Qxd4 12. Nf4 Qxc4 13. Nxg6 hxg6 14. c3 Rh5 15. Qf4 b5 16. g4 Bh6 17. Qg3 Rg5 18. h4 b4 19. hxg5 Bxg5 20. gxf5 Bxc1 21. Qxg6+ Kd7 22. Rxc1 Na6 23. f6 exf6 24. exf6 Nc5 25. Qg7+ Kc8 26. Rh8+ Qg8 27. Rxg8# 1-0